000 00379nam a2200133Ia 4500
008 220217s9999 xx 000 0 und d
245 0 _aCode of practice for laying of rubber floors
260 _aNew Delhi
260 _c1958
_bISI
490 _aNon Cement Floors and Roof Coatings sec com, BDC 5
500 _aStandard number: IS 1197
650 _aRubber bitumen
942 _cST
999 _c73445
_d73445